[Event "Frankfurt Ch 2012"]
[Site "Ffm-Kalbach, LAZ"]
[Date "2012.04.30"]
[Round "1.1"]
[White "Khenkin, Igor"]
[Black "Kuhn, Luis"]
[Result "1-0"]
[WhiteElo "2675"]
[BlackElo "1811"]
[PlyCount "81"]
[EventDate "2012.??.??"]
[WhiteTeam "Wiesbadener SV 1885"]
[BlackTeam "SV 1929 Raunheim"]

1. d4 Nf6 2. c4 c5 3. d5 b5 4. cxb5 a6 5. bxa6 g6 6. Nc3 Bxa6 7. Nf3 d6 8. g3
Bg7 9. Bg2 O-O 10. O-O Nbd7 11. Rb1 Qa5 12. Bd2 Rfb8 13. Qc1 Ng4 14. b3 Nge5
15. a4 Nxf3+ 16. Bxf3 Ne5 17. Bg2 Rb7 18. Qc2 Rab8 19. Ne4 Qc7 20. Rfe1 h6 21.
Bc3 Rf8 22. h3 Rbb8 23. f4 Nd7 24. Bxg7 Kxg7 25. b4 e6 26. b5 Bb7 27. b6 Qd8
28. dxe6 fxe6 29. a5 e5 30. Nxd6 Bxg2 31. Kxg2 exf4 32. Qc3+ Kh7 33. Rbd1 Nxb6
34. axb6 Qxb6 35. gxf4 Rxf4 36. Rf1 Qc6+ 37. e4 Rxf1 38. Rxf1 h5 39. Rf7+ Kh6
40. Qg7+ Kg5 41. Rf5+ 1-0

[Event "Frankfurt Ch 2012"]
[Site "Ffm-Kalbach, LAZ"]
[Date "2012.04.30"]
[Round "1.2"]
[White "Gutacker, Stephan"]
[Black "Telljohann, Sven"]
[Result "0-1"]
[WhiteElo "1806"]
[BlackElo "2391"]
[PlyCount "44"]
[EventDate "2012.??.??"]
[WhiteTeam "Sfr.1932 Kelkheim"]
[BlackTeam "Sfr. Schöneck"]

1. e4 g6 2. d4 Bg7 3. f4 d5 4. e5 h5 5. Nf3 Bg4 6. Be2 Nh6 7. Ng5 Bxe2 8. Qxe2
e6 9. Na3 a6 10. Bd2 Bf8 11. O-O Nf5 12. Qd3 c5 13. c3 Qb6 14. Nc2 c4 15. Qe2
Qxb2 16. Nb4 Bxb4 17. Rfb1 Qa3 18. Rxb4 b5 19. Qe1 Nc6 20. Bc1 Qa5 21. Rbb1
Ncxd4 22. Qd2 Qxc3 0-1

[Event "Frankfurt Ch 2012"]
[Site "Ffm-Kalbach, LAZ"]
[Date "2012.04.30"]
[Round "1.3"]
[White "Zude, Erik"]
[Black "Barisch, Florian"]
[Result "1-0"]
[WhiteElo "2340"]
[BlackElo "1800"]
[PlyCount "49"]
[EventDate "2012.??.??"]
[WhiteTeam "SV 1920 Hofheim"]
[BlackTeam "SV 1934 Ffm-Griesheim"]

1. d4 Nf6 2. c4 g6 3. Nc3 Bg7 4. e4 d6 5. Nf3 O-O 6. Be2 e5 7. O-O Nc6 8. d5
Ne7 9. Ne1 Nd7 10. Nd3 f5 11. Bd2 f4 12. Rc1 Nf6 13. c5 g5 14. f3 Ng6 15. Nb5
Rf7 16. Ba5 b6 17. cxd6 cxd6 18. Be1 Bb7 19. a4 h5 20. Nb4 Bf8 21. Nc6 Bxc6 22.
dxc6 Rg7 23. Bb4 Ne8 24. c7 Qd7 25. Qd5+ 1-0

[Event "Frankfurt Ch 2012"]
[Site "Ffm-Kalbach, LAZ"]
[Date "2012.04.30"]
[Round "1.4"]
[White "Neumann, Manfred"]
[Black "Reschke, Stefan"]
[Result "0-1"]
[WhiteElo "1798"]
[BlackElo "2329"]
[PlyCount "44"]
[EventDate "2012.??.??"]
[WhiteTeam "SC 1961 König Nied"]
[BlackTeam "VSG 1880 Offenbach"]

1. d4 Nf6 2. c4 g6 3. Nc3 Bg7 4. e4 d6 5. Nf3 O-O 6. Be2 e5 7. O-O Nbd7 8. Be3
Re8 9. d5 Nh5 10. g3 Bf8 11. Qd2 Ng7 12. Bg5 Be7 13. Rac1 a5 14. Kg2 f5 15.
exf5 gxf5 16. Bxe7 Qxe7 17. Qg5 e4 18. Qh6 exf3+ 19. Bxf3 Qf7 20. Rfe1 Ne5 21.
Be2 Bd7 22. f4 Ng6 0-1

[Event "Frankfurt Ch 2012"]
[Site "Ffm-Kalbach, LAZ"]
[Date "2012.04.30"]
[Round "1.5"]
[White "Gohil, Harry"]
[Black "Nagel, Norbert"]
[Result "1-0"]
[WhiteElo "2298"]
[BlackElo "1779"]
[PlyCount "51"]
[EventDate "2012.??.??"]
[WhiteTeam "TSV Schott Mainz"]
[BlackTeam "SC Bad Nauheim"]

1. d4 Nf6 2. Bg5 Ne4 3. Bf4 c5 4. f3 Nf6 5. d5 d6 6. e4 Nbd7 7. c4 g6 8. Nc3
Bg7 9. Qd2 O-O 10. Bh6 a6 11. h4 Re8 12. Bxg7 Kxg7 13. h5 Ng8 14. g4 Nf8 15.
O-O-O Bd7 16. hxg6 Nxg6 17. g5 b5 18. Qh2 Nf8 19. f4 b4 20. Nb1 e6 21. dxe6
Bxe6 22. Bd3 f6 23. f5 Bc8 24. Nf3 fxg5 25. Rdg1 h6 26. Qh5 1-0

[Event "Frankfurt Ch 2012"]
[Site "Ffm-Kalbach, LAZ"]
[Date "2012.04.30"]
[Round "1.6"]
[White "Schellen, Sven"]
[Black "Isserman, Ryhor"]
[Result "0-1"]
[WhiteElo "1770"]
[BlackElo "2274"]
[PlyCount "48"]
[EventDate "2012.??.??"]
[WhiteTeam "Sfr. Frankfurt 1921"]
[BlackTeam "SK Bad Homburg 1927"]

1. d4 g6 2. c4 Bg7 3. Nc3 c5 4. d5 d6 5. g3 Nf6 6. Bg2 O-O 7. Nf3 Na6 8. O-O
Nc7 9. a4 Rb8 10. Re1 a6 11. a5 b5 12. axb6 Rxb6 13. e4 e5 14. Nd2 Nfe8 15. Nb3
Bd7 16. f4 f5 17. fxe5 Bxe5 18. exf5 Bxf5 19. Na4 Rb8 20. Naxc5 Qf6 21. Na4 Bg4
22. Qd2 Rxb3 23. Rf1 Bd4+ 24. Kh1 Qxf1+ 0-1

[Event "Frankfurt Ch 2012"]
[Site "Ffm-Kalbach, LAZ"]
[Date "2012.04.30"]
[Round "1.7"]
[White "Stockmann, Michael"]
[Black "Kraus, Eduard"]
[Result "1-0"]
[WhiteElo "2235"]
[BlackElo "1764"]
[PlyCount "53"]
[EventDate "2012.??.??"]
[WhiteTeam "Sfr. Schöneck"]
[BlackTeam "SV Bergwinkel"]

1. d4 d5 2. c4 c6 3. Nf3 Nf6 4. Nc3 e6 5. g3 dxc4 6. Bg2 Nbd7 7. a4 Bb4 8. O-O
O-O 9. Qc2 Re8 10. Rd1 Qa5 11. Na2 Be7 12. Bd2 Qf5 13. Qxc4 Ne4 14. Be1 Nb6 15.
Qb3 Nd5 16. Ne5 Nef6 17. f3 Qh5 18. e4 Nc7 19. g4 Qh6 20. Bg3 Bd8 21. f4 g5 22.
Rf1 gxf4 23. Bxf4 Qg7 24. Qh3 h5 25. gxh5 Qh7 26. Bg5 Nxh5 27. Rxf7 1-0

[Event "Frankfurt Ch 2012"]
[Site "Ffm-Kalbach, LAZ"]
[Date "2012.04.30"]
[Round "1.8"]
[White "Cors, Heinz-Friedrich"]
[Black "Goreacinic, Dmitri"]
[Result "0-1"]
[WhiteElo "1762"]
[BlackElo "2231"]
[PlyCount "82"]
[EventDate "2012.??.??"]
[WhiteTeam "SV Schachforum Darmstadt 1994"]
[BlackTeam "VSG 1880 Offenbach"]

1. e4 c5 2. Nf3 Qa5 3. Nc3 g6 4. d3 Bg7 5. Bd2 Nc6 6. Nd5 Qd8 7. Rb1 e6 8. Nc3
d5 9. g3 Nge7 10. Bg2 O-O 11. O-O d4 12. Ne2 e5 13. Ng5 h6 14. Nh3 Be6 15. f4
Qd7 16. Nf2 Bxa2 17. Ra1 Be6 18. h3 h5 19. Kh2 f6 20. Rg1 Kh7 21. Bf3 Rh8 22.
Kg2 Kg8 23. Rh1 h4 24. g4 Bf7 25. Rf1 exf4 26. Bxf4 g5 27. Bd2 Ne5 28. Nc1 N7c6
29. Kg1 Bf8 30. Bg2 Bd6 31. Qe2 Bc7 32. Nd1 Qd6 33. Bf3 Kg7 34. Qg2 a5 35. b3
b5 36. Nb2 Nb4 37. c4 bxc4 38. Nxc4 Bxc4 39. Bxb4 axb4 40. Rxa8 Rxa8 41. dxc4
Ra1 0-1

[Event "Frankfurt Ch 2012"]
[Site "Ffm-Kalbach, LAZ"]
[Date "2012.04.30"]
[Round "1.9"]
[White "Brüggemann, Ludger"]
[Black "Schneider, Marco"]
[Result "1-0"]
[WhiteElo "2190"]
[BlackElo "1750"]
[PlyCount "59"]
[EventDate "2012.??.??"]
[WhiteTeam "Sabt Frankfurter TV 1860"]
[BlackTeam "SC Nidderau"]

1. e4 g6 2. d4 Bg7 3. c4 d6 4. Nc3 c5 5. d5 Nf6 6. f3 O-O 7. Be3 Na6 8. Nge2
Bd7 9. Qd2 Nc7 10. a4 a5 11. h4 h5 12. Nf4 Na6 13. Be2 Nb4 14. Kf2 Nh7 15. Rag1
Qe8 16. Bd1 f5 17. exf5 Bxf5 18. g4 hxg4 19. fxg4 Nd3+ 20. Kg3 Nxf4 21. Bxf4
Bd7 22. Re1 e5 23. dxe6 Bxe6 24. Qxd6 Bxc4 25. Rxe8 Raxe8 26. Qxc5 Rxf4 27.
Kxf4 Bf7 28. Bf3 Nf8 29. Bd5 Be5+ 30. Kf3 1-0

[Event "Frankfurt Ch 2012"]
[Site "Ffm-Kalbach, LAZ"]
[Date "2012.04.30"]
[Round "1.10"]
[White "Rolf, Marco"]
[Black "Uwira, Oliver"]
[Result "0-1"]
[WhiteElo "1737"]
[BlackElo "2172"]
[PlyCount "50"]
[EventDate "2012.??.??"]
[WhiteTeam "SK Bad Homburg 1927"]
[BlackTeam "SC 1961 König Nied"]

1. d4 Nf6 2. c4 c5 3. d5 b5 4. Nf3 e6 5. Bg5 bxc4 6. e4 Qa5+ 7. Qd2 Qxd2+ 8.
Nfxd2 exd5 9. Bxf6 gxf6 10. exd5 d6 11. Nc3 Nd7 12. Bxc4 Nb6 13. O-O Nxc4 14.
Nxc4 Ba6 15. Rfe1+ Kd7 16. Ne3 Bd3 17. b3 h5 18. Rad1 Bg6 19. Nc4 Rb8 20. Na5
Bh6 21. Nc6 Rbe8 22. Rxe8 Rxe8 23. Kf1 Bc2 24. Re1 Bd3+ 25. Ne2 Bd2 0-1

[Event "Frankfurt Ch 2012"]
[Site "Ffm-Kalbach, LAZ"]
[Date "2012.04.30"]
[Round "1.11"]
[White "Prenzler, Daniel"]
[Black "Storch, Dominik"]
[Result "1-0"]
[WhiteElo "2154"]
[BlackElo "1730"]
[PlyCount "51"]
[EventDate "2012.??.??"]
[WhiteTeam "SC 1961 König Nied"]
[BlackTeam "Sabt Frankfurter TV 1860"]

1. e4 d5 2. exd5 Nf6 3. c4 e6 4. dxe6 Bxe6 5. Nf3 Nc6 6. Be2 h6 7. O-O Nd4 8.
d3 g5 9. Nc3 g4 10. Nxd4 Qxd4 11. Be3 Qe5 12. d4 Qh5 13. d5 Bd6 14. g3 O-O-O
15. Qd4 Be5 16. Qxa7 Bf5 17. Qa8+ Kd7 18. Qxb7 Ne4 19. Qc6+ Kc8 20. Na4 Rd6 21.
Qa8+ Kd7 22. Qb7 Kd8 23. c5 Bc8 24. Qa8 Rf6 25. d6 Qh3 26. Qxe4 1-0

[Event "Frankfurt Ch 2012"]
[Site "Ffm-Kalbach, LAZ"]
[Date "2012.04.30"]
[Round "1.12"]
[White "Genis, Roy"]
[Black "Koch, Markus"]
[Result "0-1"]
[WhiteElo "1730"]
[BlackElo "2154"]
[PlyCount "104"]
[EventDate "2012.??.??"]
[WhiteTeam "Sfr. Frankfurt 1921"]
[BlackTeam "SC Brett vor'm Kopp Ffm"]

1. e4 c5 2. c3 d5 3. exd5 Qxd5 4. d4 Nf6 5. Nf3 e6 6. Bd3 Be7 7. O-O O-O 8. Bg5
Nc6 9. dxc5 Rd8 10. Bc2 Qxc5 11. Qe2 a6 12. Nbd2 Qb5 13. Qxb5 axb5 14. a3 h6
15. Bxf6 Bxf6 16. Ne4 Be7 17. Rfd1 f5 18. Rxd8+ Nxd8 19. Ned2 Nc6 20. Re1 Bf6
21. Bb3 Kf7 22. Nf1 Ke7 23. Ne3 Kd6 24. Rd1+ Kc7 25. h3 Bd7 26. Ne1 g5 27. Nd3
b6 28. f4 Na5 29. Ba2 Nb7 30. Ne5 Bc8 31. Ng6 Nc5 32. g3 Bb7 33. Ne5 gxf4 34.
gxf4 Rg8+ 35. Kh2 Bxe5 36. fxe5 f4 37. Ng4 h5 38. b4 hxg4 39. bxc5 g3+ 40. Kg1
f3 41. Bxe6 f2+ 42. Kf1 Rf8 43. Rd7+ Kb8 44. Rf7 Re8 45. cxb6 Rxe6 46. Rf8+ Bc8
47. Rg8 Rxe5 48. Rxg3 Rf5 49. Rg2 Rf3 50. Rxf2 Bxh3+ 51. Ke2 Rxc3 52. Rf3 Bg4
0-1

[Event "Frankfurt Ch 2012"]
[Site "Ffm-Kalbach, LAZ"]
[Date "2012.04.30"]
[Round "1.13"]
[White "Chandler, Patrick"]
[Black "Zepuntke, Thomas"]
[Result "1-0"]
[WhiteElo "2143"]
[BlackElo "1729"]
[PlyCount "41"]
[EventDate "2012.??.??"]
[WhiteTeam "Sfr. Neuberg"]
[BlackTeam "vereinslos"]

1. e4 d5 2. Nc3 d4 3. Nce2 Nf6 4. e5 Ng4 5. f4 c5 6. Ng3 Qd5 7. Be2 h5 8. Bf3
Qe6 9. h3 Nxe5 10. fxe5 Qxe5+ 11. Kf2 h4 12. Nf1 d3 13. cxd3 Qd4+ 14. Ne3 e6
15. Qb3 Bd6 16. Ne2 Bg3+ 17. Kf1 Qf6 18. Qc3 Be5 19. Qxc5 Na6 20. Qc4 Bxb2 21.
Qb5+ 1-0

[Event "Frankfurt Ch 2012"]
[Site "Ffm-Kalbach, LAZ"]
[Date "2012.04.30"]
[Round "1.14"]
[White "Larem, Peter"]
[Black "Meyer, Kai-Christian"]
[Result "0-1"]
[WhiteElo "1726"]
[BlackElo "2139"]
[PlyCount "58"]
[EventDate "2012.??.??"]
[WhiteTeam "SSg Rödermark/Eppertshausen"]
[BlackTeam "Sfr. Schöneck"]

1. e4 c6 2. d4 d5 3. Nc3 dxe4 4. Nxe4 Bf5 5. Ng3 Bg6 6. h4 h6 7. Nf3 Nd7 8. h5
Bh7 9. Bd3 Bxd3 10. Qxd3 e6 11. Bf4 Qa5+ 12. Bd2 Qc7 13. O-O-O Ngf6 14. Ne4
O-O-O 15. Nxf6 Nxf6 16. Qe2 Rd5 17. Be3 Rxh5 18. Rhe1 Ra5 19. Kb1 Ra6 20. Rd3
Nd5 21. Bd2 Be7 22. c4 Nf4 23. Bxf4 Qxf4 24. Ne5 Rd8 25. g3 Qf5 26. Ka1 f6 27.
g4 Qh7 28. Nf7 Rd7 29. Qxe6 Qxd3 0-1

[Event "Frankfurt Ch 2012"]
[Site "Ffm-Kalbach, LAZ"]
[Date "2012.04.30"]
[Round "1.15"]
[White "Röschlau, Bernd"]
[Black "Weber, Andreas"]
[Result "1/2-1/2"]
[WhiteElo "2129"]
[BlackElo "1723"]
[PlyCount "55"]
[EventDate "2012.??.??"]
[WhiteTeam "SC Brett vor'm Kopp Ffm"]
[BlackTeam "SC Flörsheim 1921"]

1. e4 e5 2. Nf3 f5 3. Bc4 fxe4 4. Nxe5 d5 5. Qh5+ g6 6. Nxg6 hxg6 7. Qxg6+ Kd7
8. Bxd5 Nf6 9. Nc3 c6 10. Bxe4 Qe7 11. d3 Rg8 12. Qf5+ Kd8 13. Qa5+ b6 14. Qa4
Nxe4 15. dxe4 Rxg2 16. h4 Qf7 17. Bg5+ Kc7 18. O-O-O Bg4 19. f4 Bxd1 20. Rxd1
Rxg5 21. fxg5 Qf4+ 22. Kb1 Qxh4 23. Qc4 Qxg5 24. Nb5+ Kb7 25. Qf7+ Qe7 26. Nd6+
Kc7 27. Ne8+ Kb7 28. Nd6+ 1/2-1/2

[Event "Frankfurt Ch 2012"]
[Site "Ffm-Kalbach, LAZ"]
[Date "2012.04.30"]
[Round "1.16"]
[White "Budde, Michael"]
[Black "Holvason, Juri"]
[Result "0-1"]
[WhiteElo "1720"]
[BlackElo "2125"]
[PlyCount "56"]
[EventDate "2012.??.??"]
[WhiteTeam "SC 1979 Hattersheim"]
[BlackTeam "SC Brett vor'm Kopp Ffm"]

1. d4 Nf6 2. c4 g6 3. Nf3 Bg7 4. Nc3 O-O 5. e4 d6 6. Be2 e5 7. Bg5 Qe8 8. Nb5
Na6 9. Bxf6 Bxf6 10. d5 Qe7 11. Qd2 Nc5 12. Nc3 a5 13. h4 Bg7 14. h5 Bd7 15.
hxg6 fxg6 16. O-O-O Rf4 17. g3 Rf6 18. Rh4 Raf8 19. Qe3 Rxf3 20. Bxf3 Bf6 21.
Kb1 Bg5 22. Qe2 Bxh4 23. gxh4 Qxh4 24. Rg1 Rf4 25. Kc2 Qf6 26. Rg3 Kf8 27. Kd2
Ke7 28. Ke3 Rxe4+ 0-1

[Event "Frankfurt Ch 2012"]
[Site "Ffm-Kalbach, LAZ"]
[Date "2012.04.30"]
[Round "1.17"]
[White "Partzsch, Lukas"]
[Black "Arnold, Michael"]
[Result "1-0"]
[WhiteElo "2122"]
[BlackElo "1703"]
[PlyCount "33"]
[EventDate "2012.??.??"]
[WhiteTeam "SC Matt im Park Ffm"]
[BlackTeam "SK Langen"]

1. d4 d5 2. c4 e6 3. Nc3 Nf6 4. Bg5 Be7 5. e3 Nbd7 6. Nf3 c5 7. cxd5 Nxd5 8.
Bxe7 Nxe7 9. dxc5 Qa5 10. a3 Qxc5 11. Ne4 Qb6 12. Nd6+ Kf8 13. Nxc8 Rxc8 14.
Qxd7 Rd8 15. Qb5 Qd6 16. Be2 Nc6 17. O-O 1-0

[Event "Frankfurt Ch 2012"]
[Site "Ffm-Kalbach, LAZ"]
[Date "2012.04.30"]
[Round "1.18"]
[White "Lemonidis, Christos"]
[Black "Reschke, Thomas"]
[Result "1/2-1/2"]
[WhiteElo "1702"]
[BlackElo "2118"]
[PlyCount "36"]
[EventDate "2012.??.??"]
[WhiteTeam "SC 1961 König Nied"]
[BlackTeam "SC Frankfurt-West"]

1. e4 g6 2. d3 Bg7 3. g3 e5 4. Bg2 d6 5. Nd2 c5 6. Ngf3 Nc6 7. O-O Nge7 8. Nh4
O-O 9. f4 exf4 10. gxf4 f5 11. c3 Rb8 12. Kh1 Kh8 13. Qe1 b5 14. exf5 gxf5 15.
a3 b4 16. axb4 cxb4 17. Ndf3 Re8 18. Ng5 Rf8 1/2-1/2

[Event "Frankfurt Ch 2012"]
[Site "Ffm-Kalbach, LAZ"]
[Date "2012.04.30"]
[Round "1.19"]
[White "Sandten, Ulrich"]
[Black "Bastian, Holger"]
[Result "1-0"]
[WhiteElo "2095"]
[BlackElo "1690"]
[PlyCount "121"]
[EventDate "2012.??.??"]
[WhiteTeam "SF Vonkeln 1931"]
[BlackTeam "Aschaffenburg- Schweinheim e.V."]

1. e4 d6 2. Nc3 Nf6 3. d3 g6 4. h4 Bg7 5. Be2 Nc6 6. h5 gxh5 7. Bxh5 h6 8. Be3
Ne5 9. Be2 d5 10. f4 Neg4 11. Bd4 dxe4 12. dxe4 h5 13. Nf3 a6 14. Qd3 c5 15.
Bxc5 Qc7 16. O-O-O Qxf4+ 17. Kb1 Be6 18. Nd4 Ne5 19. Nxe6 Nxd3 20. Nxf4 Nxf4
21. Bf3 Ng4 22. Nd5 Nxd5 23. Rxd5 Nf6 24. Rg5 Kf8 25. Bxe7+ Kxe7 26. Rxg7 Rad8
27. Rg5 h4 28. Kc1 Rd4 29. c3 Rd3 30. Kc2 Re3 31. Rf5 Ke6 32. Rf4 Ke5 33. Rhxh4
Rxh4 34. Rxh4 Nxe4 35. Rxe4+ Rxe4 36. Bxe4 Kxe4 37. Kd2 a5 38. b3 Kf4 39. Ke2
Kg3 40. Kf1 Kf4 41. Kf2 Ke4 42. Ke2 Kf4 43. c4 Kg3 44. Kf1 Kf4 45. Kf2 Ke4 46.
Ke2 Kd4 47. Kd2 Ke4 48. a3 Kf4 49. b4 Ke4 50. Kc3 f5 51. c5 Kd5 52. g3 Ke4 53.
Kc4 axb4 54. axb4 Kf3 55. b5 Kxg3 56. c6 bxc6 57. b6 f4 58. b7 f3 59. b8=Q+ Kg2
60. Qg8+ Kh1 61. Qg3 1-0

[Event "Frankfurt Ch 2012"]
[Site "Ffm-Kalbach, LAZ"]
[Date "2012.04.30"]
[Round "1.20"]
[White "Rauscher, Joachim"]
[Black "Kabir, Rezaul"]
[Result "0-1"]
[WhiteElo "1689"]
[BlackElo "2043"]
[PlyCount "62"]
[EventDate "2012.??.??"]
[WhiteTeam "SC Brett vor'm Kopp Ffm"]
[BlackTeam "Sfr. Frankfurt 1921"]

1. e4 e6 2. d4 d5 3. exd5 exd5 4. Bd3 Nf6 5. Nf3 Be7 6. O-O Bg4 7. Re1 O-O 8.
Nbd2 c5 9. c3 Nc6 10. h3 Bh5 11. dxc5 Bxc5 12. Nf1 Qb6 13. Be3 Bxe3 14. Rxe3
Qxb2 15. Rb1 Qxa2 16. Rxb7 Rab8 17. Rc7 Rfc8 18. Rxc8+ Rxc8 19. g4 Bg6 20. Bxg6
hxg6 21. Ng3 Rb8 22. Kg2 a5 23. g5 Nh7 24. Qe1 Nf8 25. Re2 Qc4 26. h4 a4 27. h5
gxh5 28. Nxh5 Qg4+ 29. Ng3 Ne6 30. Nh2 Nf4+ 31. Kh1 Qh3 0-1

[Event "Frankfurt Ch 2012"]
[Site "Ffm-Kalbach, LAZ"]
[Date "2012.04.30"]
[Round "1.21"]
[White "Rondonuwu, Grover"]
[Black "Bittner, Peter"]
[Result "1-0"]
[WhiteElo "2042"]
[BlackElo "1682"]
[PlyCount "105"]
[EventDate "2012.??.??"]
[WhiteTeam "Sabt Frankfurter TV 1860"]
[BlackTeam "SC 1961 König Nied"]

1. e4 g6 2. d4 Bg7 3. Be3 d6 4. Nc3 Nd7 5. Bc4 Ngf6 6. f3 a6 7. Qd2 e6 8. Bh6
O-O 9. h4 b5 10. Bf1 e5 11. d5 b4 12. Na4 Nc5 13. Nxc5 dxc5 14. Bc4 Bd7 15. Be3
Bb5 16. Bxb5 axb5 17. Bxc5 b3 18. cxb3 Qd7 19. Ne2 Ra6 20. a3 Re8 21. g4 c6 22.
d6 Qe6 23. b4 Rd8 24. Rd1 Rd7 25. Qc2 Bf8 26. Nc1 Bxd6 27. Bxd6 Rxd6 28. Rxd6
Qxd6 29. Qd1 Qxd1+ 30. Kxd1 Ne8 31. Kc2 Kf8 32. Rd1 Ke7 33. Nd3 f6 34. Nc5 Ra7
35. b3 h6 36. a4 bxa4 37. bxa4 Nd6 38. Kb3 Ra8 39. a5 Ra7 40. a6 Nb5 41. Rd3
Nd6 42. Ka4 Nc4 43. Rc3 Nb6+ 44. Ka5 Nc8 45. Na4 Kd6 46. Nb6 Ne7 47. Rd3+ Kc7
48. Rd7+ Kb8 49. Rd8+ Kc7 50. Re8 Kd6 51. Rxe7 Rxa6+ 52. Kxa6 Kxe7 53. Nc4 1-0

[Event "Frankfurt Ch 2012"]
[Site "Ffm-Kalbach, LAZ"]
[Date "2012.04.30"]
[Round "1.22"]
[White "Plattner, Rolf"]
[Black "Penzel, Nils"]
[Result "1/2-1/2"]
[WhiteElo "1680"]
[BlackElo "2007"]
[PlyCount "90"]
[EventDate "2012.??.??"]
[WhiteTeam "SK Langen"]
[BlackTeam "SSg Rödermark/Eppertshausen"]

1. d4 Nf6 2. Nf3 g6 3. c4 Bg7 4. Nc3 O-O 5. e4 d6 6. Be2 e5 7. d5 a5 8. Bg5 Na6
9. Qc2 h6 10. Bd2 Nh5 11. g3 f5 12. a3 Nc5 13. Nh4 Nf6 14. Nxg6 Re8 15. exf5 e4
16. Nh4 Re5 17. O-O-O Bxf5 18. Nxf5 Rxf5 19. Be3 Re5 20. g4 Nfd7 21. h4 a4 22.
Kb1 Re8 23. g5 Qe7 24. gxh6 Bh8 25. Rdg1+ Kh7 26. Bg4 Qf7 27. f3 Bxc3 28. Qxc3
Ne5 29. f4 Nxg4 30. Rxg4 Rg8 31. Rhg1 Rxg4 32. Rxg4 Kxh6 33. f5+ Kh7 34. Rg5
Rg8 35. f6 Nd7 36. Bd4 Rxg5 37. hxg5 Qh5 38. Qe3 Qd1+ 39. Ka2 Qf3 40. Qc3 Kg6
41. Be3 Ne5 42. c5 Ng4 43. cxd6 cxd6 44. Qc7 Qxe3 45. Qg7+ Kf5 1/2-1/2

[Event "Frankfurt Ch 2012"]
[Site "Ffm-Kalbach, LAZ"]
[Date "2012.04.30"]
[Round "1.23"]
[White "Holzschuh, Gerald"]
[Black "Liebske, Reiner"]
[Result "1/2-1/2"]
[WhiteElo "2007"]
[BlackElo "1672"]
[PlyCount "67"]
[EventDate "2012.??.??"]
[WhiteTeam "SC Bad Nauheim"]
[BlackTeam "SV Frankfurt Nord 1926"]

1. e4 c5 2. c3 d5 3. exd5 Qxd5 4. d4 cxd4 5. cxd4 Nc6 6. Nf3 e5 7. Nc3 Bb4 8.
Bd2 Bxc3 9. Bxc3 e4 10. Ne5 Nxe5 11. dxe5 Be6 12. Qxd5 Bxd5 13. Bb5+ Ke7 14.
O-O-O Rd8 15. Kb1 Ke6 16. f4 exf3 17. gxf3 Ne7 18. Rhf1 Ng6 19. Bd3 Nf4 20. Bc2
Bc4 21. Rg1 Rxd1+ 22. Rxd1 Nd5 23. Bd4 Rc8 24. Be4 Rd8 25. Rc1 Bxa2+ 26. Kxa2
Nb4+ 27. Kb3 Rxd4 28. Rc7 Na6 29. Rc8 Kd7 30. Rh8 h6 31. Rh7 Nc5+ 32. Kc3 Ne6
33. Bxb7 Rh4 34. Bd5 1/2-1/2

[Event "Frankfurt Ch 2012"]
[Site "Ffm-Kalbach, LAZ"]
[Date "2012.04.30"]
[Round "1.24"]
[White "Koch, Thomas"]
[Black "Calvi, Stefan"]
[Result "0-1"]
[WhiteElo "1669"]
[BlackElo "2005"]
[PlyCount "63"]
[EventDate "2012.??.??"]
[WhiteTeam "SV 1934 Ffm-Griesheim"]
[BlackTeam "Sfr. Frankfurt 1921"]

1. e4 c5 2. Nf3 Nc6 3. d4 cxd4 4. Nxd4 Nf6 5. Nc3 e5 6. Ndb5 d6 7. Bg5 a6 8.
Na3 b5 9. Nd5 Be7 10. Bxf6 Bxf6 11. c3 O-O 12. Nc2 Rb8 13. Be2 Bg5 14. O-O Be6
15. f4 exf4 16. Nxf4 Bf6 17. Qd2 Be5 18. Nd5 f5 19. Nf4 Qh4 20. g3 Qh6 21. Qe3
Bd7 22. Bd3 Rbe8 23. Qf3 g5 24. Qh5 Qxh5 25. Nxh5 f4 26. Be2 Re7 27. Rad1 Ref7
28. Nd4 Bxd4+ 29. cxd4 f3 30. Bd3 Bg4 31. a4 f2+ 32. Kg2 0-1

[Event "Frankfurt Ch 2012"]
[Site "Ffm-Kalbach, LAZ"]
[Date "2012.04.30"]
[Round "1.25"]
[White "Krzesinski, Paul"]
[Black "Cipca, Adrian"]
[Result "1-0"]
[WhiteElo "1997"]
[BlackElo "1663"]
[PlyCount "69"]
[EventDate "2012.??.??"]
[WhiteTeam "Sabt Frankfurter TV 1860"]
[BlackTeam "SK Bad Homburg 1927"]

1. e4 c5 2. Nf3 Nc6 3. d4 cxd4 4. Nxd4 g6 5. Nc3 Bg7 6. Be3 Nf6 7. Qd2 O-O 8.
Bc4 Qa5 9. f3 Qb4 10. Nxc6 bxc6 11. Bb3 Rd8 12. Bh6 Bh8 13. Qg5 d6 14. O-O-O
Be6 15. Rd3 Bxb3 16. cxb3 Rd7 17. h4 d5 18. e5 Ne8 19. h5 f6 20. Qg3 g5 21.
Bxg5 fxg5 22. Qxg5+ Ng7 23. Rh4 Qc5 24. b4 Qf2 25. Rg4 e6 26. Ne4 Qf1+ 27. Kc2
Qxd3+ 28. Kxd3 dxe4+ 29. Kxe4 Kf7 30. Qf6+ Ke8 31. h6 Rf7 32. hxg7 Bxg7 33.
Qxe6+ Kf8 34. Qd6+ Kg8 35. f4 1-0

[Event "Frankfurt Ch 2012"]
[Site "Ffm-Kalbach, LAZ"]
[Date "2012.04.30"]
[Round "1.26"]
[White "Becker, Karl-Heinz"]
[Black "Orlinski, Wolfgang"]
[Result "0-1"]
[WhiteElo "1652"]
[BlackElo "1985"]
[PlyCount "80"]
[EventDate "2012.??.??"]
[WhiteTeam "SSg Rödermark/Eppertshausen"]
[BlackTeam "Sfr. Frankfurt 1921"]

1. Nf3 c5 2. g3 Nc6 3. Bg2 d5 4. d4 e6 5. O-O Nf6 6. c3 Be7 7. Nbd2 O-O 8. dxc5
Bxc5 9. Nb3 Be7 10. Nbd4 Ne4 11. Be3 f5 12. Nxc6 bxc6 13. Ne5 Qc7 14. Nd3 c5
15. f3 Nf6 16. Kh1 e5 17. Qc2 c4 18. Nf2 Be6 19. Rad1 Bc5 20. Bxc5 Qxc5 21. Nh3
h6 22. f4 Ng4 23. fxe5 Ne3 24. Qd2 Nxf1 25. Rxf1 Rad8 26. Nf4 Rfe8 27. Nxe6
Rxe6 28. Rxf5 d4 29. cxd4 Rxd4 30. Qc2 Rxe5 31. Rf1 Re7 32. e4 Rf7 33. Re1 Qb4
34. Re2 Rfd7 35. h3 Rd2 36. Rxd2 Rxd2 37. Qc1 Rxb2 38. Qf4 Qd2 39. Qf3 c3 40.
e5 Qxg2+ 0-1

[Event "Frankfurt Ch 2012"]
[Site "Ffm-Kalbach, LAZ"]
[Date "2012.04.30"]
[Round "1.27"]
[White "Bagatsch, Thomas"]
[Black "Kraus, Roman"]
[Result "1-0"]
[WhiteElo "1984"]
[BlackElo "1647"]
[PlyCount "45"]
[EventDate "2012.??.??"]
[WhiteTeam "SC Brett vor'm Kopp Ffm"]
[BlackTeam "SV Bergwinkel"]

1. e4 c6 2. d4 d5 3. exd5 cxd5 4. c4 Nf6 5. Nc3 Nc6 6. Nf3 Bg4 7. cxd5 Nxd5 8.
Qb3 Bxf3 9. gxf3 Nb6 10. d5 Ne5 11. Be2 g6 12. a4 Qc7 13. Nb5 Qd8 14. f4 Ned7
15. Qc3 Nxd5 16. Qxh8 N7f6 17. Bd2 Rc8 18. Nxa7 Rc2 19. Bb5+ Nd7 20. Qd4 e6 21.
Kd1 Qc7 22. Re1 Bd6 23. Qxd5 1-0

[Event "Frankfurt Ch 2012"]
[Site "Ffm-Kalbach, LAZ"]
[Date "2012.04.30"]
[Round "1.28"]
[White "Reichel, Rolf"]
[Black "Czech, Ludwig"]
[Result "1/2-1/2"]
[WhiteElo "1619"]
[BlackElo "1961"]
[PlyCount "27"]
[EventDate "2012.??.??"]
[WhiteTeam "Sfr. Frankfurt 1921"]
[BlackTeam "VSG 1880 Offenbach"]

1. e4 e6 2. d4 d5 3. Nc3 Bb4 4. Qg4 Nf6 5. Qxg7 Rg8 6. Qh6 dxe4 7. Bd2 Nc6 8.
O-O-O Bf8 9. Qe3 Ng4 10. Qe1 f5 11. f3 e3 12. Bxe3 Nxe3 13. Qxe3 Qf6 14. f4
1/2-1/2